International Business / (Record no. 179914)
[ view plain ]
| 000 -LEADER | |
|---|---|
| fixed length control field | 00712nam a22002177a 4500 |
| 005 - DATE AND TIME OF LATEST TRANSACTION | |
| control field | 20210716111921.0 |
| 010 ## - LCCN (DPL NO) | |
| LC control number | ENG-129569 |
| 020 ## - INTERNATIONAL STANDARD BOOK NUMBER | |
| International Standard Book Number | 978-93-90113-37-8 |
| Terms of availability | 625.00 |
| 035 ## - SYSTEM CONTROL NUMBER | |
| System control number | EN-113101 |
| 037 ## - SOURCE OF ACQUISITION | |
| Source of stock number/acquisition | DBAD/PUB |
| 082 ## - DEWEY DECIMAL CLASSIFICATION NUMBER | |
| Classification number | 658.049 |
| 100 ## - MAIN ENTRY--PERSONAL NAME | |
| Personal name | J. Michael Geringer |
| 245 ## - TITLE STATEMENT | |
| Title | International Business / |
| Statement of responsibility, etc | by J. michael Geringer et...all |
| 260 ## - PUBLICATION, DISTRIBUTION, ETC. (IMPRINT) | |
| Place of publication, distribution, etc | Alapakkam |
| Name of publisher, distributor, etc | Mc Graw Hill |
| Date of publication, distribution, etc | 2020 |
| 270 ## - ADDRESS | |
| Address | 444/1,Sri Ekambara Naicker Industrial Estate,Alapakkam,Porur |
| City | Chennai |
| Postal code | 600116 |
| Electronic mail address | info.india@mheducation.com |
| Telephone number | 18001035875 |
| 300 ## - PHYSICAL DESCRIPTION | |
| Extent | 415p; |
| Dimensions | 26cm(PB) |
| 700 ## - ADDED ENTRY--PERSONAL NAME | |
| Personal name | Mcnett, Jeanne M. |
| 700 ## - ADDED ENTRY--PERSONAL NAME | |
| Personal name | Minor, Michael S. |
| 700 ## - ADDED ENTRY--PERSONAL NAME | |
| Personal name | Ball, Donald A. |
| 942 ## - ADDED ENTRY ELEMENTS (KOHA) | |
| Source of classification or shelving scheme | Dewey Decimal Classification |
| Item type | English Books |
| Classification part | 658.049 |
| Call number suffix | GER |
| Withdrawn status | Lost status | Not for loan | Collection code | Home library | Current library | Date acquired | Source of acquisition | Cost, normal purchase price | Full call number | Barcode | Copy number | Cost, replacement price | Koha item type |
|---|---|---|---|---|---|---|---|---|---|---|---|---|---|
| Non-fiction | Central Library | Central Library | 16/07/2021 | DBAD/PUB | 625.00 | 658.049 GER | EN-113101 | 1 | 625.00 | English Books |
